00719nam a22002297a 4500003000500000005001700005008004100022010001000063011001000073035001000083040000900093082001500102111010100117245001200218260008700230300002300317490003400340650001400374650002800388700003900416830003400455CHAP20220329140123.0971013s1986 r 10010 d a47273 a48245 a52390 cCHAP a631.45bR400aReunión sobre Sistemas de Labranza y Conservación de Suelos (d1985c: Córdoba, Argentina) aMemoria aMontevideo :bInstituto Interamericano de Cooperación para la Agricultura,c1986 a169 p.b; gráfs. aDiálogo/IICA-PROCISURv; 1514aLabranza.14aSuelosxConservación.0 aMolestina Escudero, Carlos J.eed.0 aDiálogo/IICA-PROCISURv; 15